000
00285nam a22001337a 4500
008
170817b xxu||||| |||| 00| 0 eng d
020
_a
2900495012695
041
_a
eng
080
_2
4TH
_a
51
100
_a
36
101
_a
MAT
245
_a
PRECALCULUS
_c
FAIRES,J.D
942
_2
udc
_c
BK
999
_c
23891
_d
23891